• 首页
  • 本馆介绍
  • 公告通知
  • 最新文献
  • 馆藏检索
  • 电子资源
  • 读者导购
  • 参考咨询
  • 我的图书馆
  • 登录
  • 详细信息显示
  • 放入我的书架
  • 预约/预借图书
  • 作者相关作品
  • 分类相关作品
  • 丛书相关作品
  • 出版社相关作品

书目信息

  • 表格格式
  • 工作单格式
  • 卡片格式
题名:
腹部手术并发症及其处理
    
 
作者: 张祖荀 , 武正炎 编著
分册:  
出版信息: 南京   江苏科学技术出版社  1981
页数: 386页
开本: 25cm
丛书名:
单 册:
中图分类: R656.06 , R658.1
科图分类:
主题词: 腹腔疾病-外科手术-并发症--处理 , 外科手术-腹腔疾病-并发症--处理 , 并发症-外科手术-腹腔疾病--处理 , 外科学--各论
电子资源:
ISBN:
000 00870nam0 2200301 45
001 0181001051
005 20040521152955.3
010    @dCNY2.10
091    @a14196.065
100    @a19950628d1981 em y0chiy0121 ea
101 0  @achi
102    @aCN@b320000
105    @ay z 000yy
106    @ar
200 10 @a腹部手术并发症及其处理@Afu bu shou shu bing fa zheng ji qi chu li@f张祖荀,武正炎编著
210    @a南京@c江苏科学技术出版社@d1981
215    @a386页@d25cm
606    @a腹腔疾病-外科手术-并发症@x处理
606    @a外科手术-腹腔疾病-并发症@x处理
606    @a并发症-外科手术-腹腔疾病@x处理
606 0  @a外科学@x各论
690    @aR656.06@v3
690    @aR658.1
701  0 @a张祖荀@Azhang zu xun@4编著
701  0 @a武正炎@Awu zheng yan@4编著
801  0 @aCN@b上海图书馆@c20040521
801  2 @aCN@bNLC@c20040521
905    @f1@b107451@dR658.1@e8
    
    腹部手术并发症及其处理/张祖荀,武正炎编著.-南京:江苏科学技术出版社,1981
    386页;25cm
    
    
    ISBN :CNY2.10
    
●
相关链接 在E读中查询图书 在五车中查询图书 在当当中查询图书 在豆瓣中查询图书


正题名:腹部手术并发症及其处理     索取号:R658.1/8         预约/预借

序号 登录号 条形码 馆藏地/架位号 状态 备注
1 0107451   000715293   第三借阅区/ [索取号:R658.1/8] 在馆    
唐山师范学院图书馆 欢迎您!
大连网信软件有限公司© 版权所有